000 00629nam a2200265Ia 4500
005 20260121170324.0
008 008 260114s9999 xx 000 0 eng d
020 _a9783319714806
037 _aEBOOK
040 _aCRL
040 _beng
040 _cCRL
041 _2eng
041 _aeng
084 _qCRL
100 _aEsmée Hanna
_91062474
245 0 _aSupporting Young Men as Fathers
260 _bSpringer
260 _bSpringer
260 _c2018
856 _uhttps://link.springer.com/openurl?genre=book&isbn=978-3-319-71480-6
942 _cEBOOK
999 _c1628203
_d1628203